000 00490nam a2200133Ia 4500
008 160809s9999 xx 000 0 und d
100 _aSporer, Harald.
245 _aResilient Interface Design for Safety-Critical Embedded Automotive Software
245 _cHarald Sporer, Georg Macher, Christian Kreiner and Eugen Brenner.
260 _bComputer Science and Information Technology
260 _cJanuary 2016
650 _xINFORMATION TECHNOLOGY
856 _uhttp://airccse.org/V6N48.html
999 _c300042
_d300042